| 000 | 00905nam a2200265 a 4500 | ||
|---|---|---|---|
| 001 | BRL_1725 | ||
| 005 | 20190320211336.0 | ||
| 008 | 090615s1976----mx-#######---#000-0#spa-# | ||
| 041 | _aspa | ||
| 044 | _amx | ||
| 050 | 4 |
_aF1219 _b.C66 3 1976 |
|
| 245 | 1 | 0 |
_aComunicaciones III / 1976, suplemento _bProyecto Puebla Tlaxcala. |
| 260 |
_aPuebla, México _bFundación Alemana para la Investigación Científica _c1976 |
||
| 300 |
_a60 p. _bil., planos _c28 cm. |
||
| 500 | _aAu274 | ||
| 504 | _aIncluye referencias bibliográficas | ||
| 505 | 0 | _av.1 El proyecto arqueológico Puebla-Tlaxcala, Angel Garcia Cook (coordinador) | |
| 650 | 1 | 4 |
_aIndígenas de México _xAntigüedades _9509 |
| 650 | 1 | 4 |
_aGeología _zMéxico _95672 |
| 651 | 4 |
_aMéxico _xAntigüedades _92765 |
|
| 651 | 4 |
_aPuebla (México : Estado) _927736 |
|
| 651 | 4 |
_aTlaxcala (México : Estado) _927737 |
|
| 902 | _aGRL | ||
| 942 |
_2lcc _cB |
||
| 999 |
_c10533 _d10533 |
||